000
00279nam a22001331a 4500
999
_c
166581
_d
166581
082
_a
H1
_b
SUM/T
100
_a
Ramnath
245
_a
Tharapadh/
_c
by Ramnath.
260
_a
_b
_c
650
_a
Literature Hindi
650
_a
Poetry Hindi
650
_a
Literature
942
_c
BK